000 02049cam a2200289 4500500
005 20251228100122.0
041 _afre
042 _adc
100 1 0 _aBurzlaff, Jan
_eauthor
245 0 0 _aLe fauteuil du dentiste et les boucliers de papier
260 _c2025.
500 _a33
520 _aThis article introduces the concept of “professional capital” to rethink behaviors and social interactions under the Vichy government and Nazi occupation. Drawing on the 1984 video testimony of Félix L., a Jewish dentist and army officer, it demonstrates how technical knowledge, social ties, and adaptability enabled individuals to barter, negotiate, and even subvert the established order. Combining microhistory, sociology, and Holocaust studies, the article sheds light on how professional skills shaped local survival and transformed social dynamics under Nazi rule.
520 _aCet article introduit le concept de « capital professionnel » pour repenser les comportements et interactions sociales sous Vichy et l’occupation nazie. À partir du témoignage vidéo de Félix L., dentiste et officier juif, enregistré en 1984, il montre comment les savoirs techniques, les relations sociales et l’adaptabilité ont permis de troquer, négocier, voire subvertir l’ordre établi. Articulant microhistoire, sociologie et histoire de la Shoah, l’article éclaire les mécanismes par lesquels les compétences professionnelles ont structuré la survie au niveau local et remodelé les interactions sociales face à la domination nazie.
690 _acomportements collectifs
690 _aJuifs
690 _astratégies de survie
690 _aVichy
690 _azones grises
690 _acollective behaviors
690 _agray zones
690 _aJews
690 _asurvival strategies
690 _aVichy
786 0 _n20 & 21. Revue d'histoire | 167 | 3 | 2025-12-09 | p. 37-49 | 2649-664X
856 4 1 _uhttps://shs.cairn.info/revue-20-21-revue-dhistoire-2025-3-page-37?lang=fr&redirect-ssocas=7080
999 _c1606144
_d1606144